Sports Quiz

Random Sports or Soccer Quiz

UEFA Euro 2016 Venues Quiz Stats

 Plays Quiz not verified by Sporcle

Challenge
Share
Tweet
Score 0/10 Timer 02:00
0 Plays Today
% Correct
Parc des Princes, Paris
99.7%
Stade Vélodrome, Marseille
88.3%
Stade des Lumières, Décines-Charpieu
84.3%
Allianz Riviera, Nice
83.3%
Stade de France, Saint-Denis
81%
Stade Pierre-Mauroy, Villeneuve-d’Ascq
80.3%
Nouveau Stade de Bordeaux, Bordeaux
79.3%
Stadium Municipal, Toulouse
74.7%
Stade Bollaert-Delelis, Lens
69.3%
Stade Geoffroy-Guichard, Saint-Étienne
68.7%

You're not logged in!

Compare scores with friends on all Sporcle quizzes.
Join for Free
OR
Log In

You Might Also Like...

Show Comments

Extras

Top Quizzes Today


Score Distribution

Your Account Isn't Verified!

In order to create a playlist on Sporcle, you need to verify the email address you used during registration. Go to your Sporcle Settings to finish the process.

Report this User

Report this user for behavior that violates our Community Guidelines.

Details: